000 00802cam a22002897a 4500
003 CHAP
005 20220817041142.0
008 971013s1992 r 00010 d
010 _a7507
011 _a8479
035 _a7708
040 _cCHAP
082 _a634.956
_bF39f
110 2 _aFAO
245 1 0 _aGuide de manipulation des semences forestiƩres
260 _aRome :
_bFAO,
_c1992
300 _a444 p.
_b: ilus.
490 0 _aFAO. Montes
_v; 20/2
590 _aBATCH-UPD
_b10
_c20130110
_lUCH01
_h0847
590 _aCONVERSION
_b10
_c20130109
_lUCH01
_h1305
650 1 4 _aSemillas forestales.
_9103935
700 0 _aWillan, R. L.
_ecomp.
_9121988
830 0 _aFAO. Montes
_v; 20/2
_939632
901 _aBK
942 _cLIBRO
949 _a634.956 F39f
_bBC
_cFAO
_d-17538
_eFAO1
_h82940
_i7708
_si
999 _c7507
_d7507